Football Teams Rui Costa Played For - Statistics

General Stats
  • This quiz has been taken 16 times
  • The average score is 4 of 5
Answer Stats
League Years Team % Correct
Italy 2001-2006 AC Milan
100%
Portugal 1991-1994 SL Benfica
93%
Portugal 2006-2008 SL Benfica
93%
Italy 1994-2001 ACF Fiorentina
64%
Portugal 1990-1991 AD Fafe
21%
No matching quizzes found
Score Distribution
Percent of People with Each Score
Percentile by Number Answered
Your Score History
You have not taken this quiz